000 02030nam a2200469Ii 4500
001 DIGUEXTER1038
003 NyNyDIG
006 m o d
007 cr |||||||||||
008 250404s2024 ck ob 000 0 spa d
035 _a(OCoLC)1513492925
040 _aDGITA
_beng
_erda
_epn
_cDGITA
020 _a9789585061484
_qeBook
020 _z9789585061477
043 _as-ck---
050 1 4 _aKHH5419 ebook
245 0 0 _aDerecho penal y realidad social :
_bestudio dogmático, político criminal y criminológico sobre el derecho penal colombiano /
_ceditores, Ricardo Echavarría Ramírez, Hernán Darío Orozco López, Jaime Sandoval Fernández, Orlando Humberto de la Vega Martinis.
250 _aPrimera edición.
264 1 _aBogotá :
_bUniversidad Externado de Colombia,
_c[2024]
300 _a1 online resource.
336 _atext
_btxt
_2rdacontent
337 _acomputer
_bc
_2rdamedia
338 _aonline resource
_bcr
_2rdacarrier
347 _atext file
_2rdaft
347 _bPDF
500 _a"Centro de Investigación en Filosofía y Derecho"--Cover.
504 _aIncludes bibliographical references.
588 0 _aOnline resource; title from PDF title page (Digitalia, viewed April 4, 2025)
650 0 _aCriminal law
_zColombia.
650 0 _aJustice, Administration of
_zColombia.
650 0 _aGovernment liability
_zColombia.
700 1 _aEchavarría Ramírez, Ricardo,
_eeditor.
700 1 _aOrozco López, Hernán Darío,
_eeditor.
700 1 _aSandoval Fernández, Jaime,
_eeditor.
700 1 _aVega Martinis, Orlando Humberto de la,
_d1977-
_eeditor.
791 2 _aDigitalia (Firm),
_edistributor.
793 0 _gDigitalia eBook Collection:
_aUniversidad Externado de Colombia
776 0 8 _iPrint version:
_tDerecho penal y realidad social.
_bPrimera edición.
_dBogotá : Universidad Externado de Colombia, [2024]
_z9789585061477
856 4 0 _3Digitalia Hispánica
_uhttps://www.digitaliapublishing.com/a/171491/
910 _aPremium collection: 2025
942 _cRAA
999 _c290902
_d290902